000 00730nam a22002175i 4500
001 152548
003 ES-MaACL
005 20230906204805.0
008 051017s1887 fr a | |||||||| ||fre d
040 _aCAM
_bspa
_cCAM
100 1 _aBourget, Paul (
_d1852-1935)
_930991
245 1 0 _aAndré Cornélis /
_cPaul Bourget; illustrations de Bocchino.
260 _aParis :
_bAlphonse Lemerre éditeur,
_c[s.a.]
300 _aII, 288 p. :
_bil. ;
_c18 cm.
490 1 _aCollection Guillaume-Lemerre
596 _aDedicatoria fechada en 1887.
700 0 _aBocchino.
_929667
830 0 _aCollection Guillaume-Lemerre
_9187716
852 _aES-MaACL
_jB-3342
_z-- Enc. hol. conservando la cub. original
999 _c152548
_d152548